| 000 | 00732nam a2200205 a 4500 | ||
|---|---|---|---|
| 001 | 000035079 | ||
| 005 | 20200930074105.0 | ||
| 008 | 111024s1943 pr 000 0 spa d | ||
| 040 |
_aDO-SdBNP _bspa _cBNPHU |
||
| 082 |
_a972.95 _bM672j |
||
| 100 | 1 |
_aMiranda, Luis Antonio _960739 |
|
| 245 | 1 | 3 |
_aLa justicia social en Puerto Rico / _cLuis Antonio Miranda. |
| 260 |
_aSan Juan, Puerto Rico : _bTalleres de "La Correspondencia", _c1943. |
||
| 300 |
_a204 p. ; _c22 cm. |
||
| 590 | _aPerteneció a la biblioteca personal de Juan Isidro Jimenes Grullón. | ||
| 651 | 4 |
_aPuerto Rico _xHistoria _y1898- _99073 |
|
| 651 | 4 |
_aPuerto Rico _xPolítica Y Gobierno _y1898- _930144 |
|
| 910 | _aValidado. Control de calidad MFF | ||
| 049 | _aBNGR | ||
| 999 |
_c34570 _d34570 |
||